Statistics for Californian Bodies of Water

Click here to take the quiz!

General Stats

  • This quiz has been taken 12 times
  • The average score is 7 of 15

Answer Stats

HintBody of Water% Correct
Lake between Nevada and CaliforniaLake Tahoe
83%
Where the Sacramento River meets the seaSan Francisco Bay
83%
Lake below sea level with abandoned resortsSalton Sea
75%
Large Bay south of Santa Cruz known for a submarine canyonMonterey Bay
67%
Lake known for swimming flies and Tufa formationsMono Lake
58%
Largest West Coast Naval Base is located hereSan Diego Bay
50%
Lake in crater of super-volcano near Napa ValleyClear Lake
42%
Former lake dried by aboveOwens Lake
42%
Manmade lake on Colorado RiverLake Havasu
33%
Largest reservoir in CaliforniaLake Shasta
33%
Bay along San Andreas Fault East of Point ReyesTomales Bay
33%
Mostly-drained lake near Japanese Internment Camp and Modoc WarTule Lake
33%
Intermittent Lake shared with OregonGoose Lake
25%
Bringing water from Eastern Sierras to Southern CaliforniaLos Angeles Aqueduct
17%
Channel between mainland and northern Channel IslandsSanta Barbara Channel
17%

Score Distribution

Percentile by Number Answered

Percent of People with Each Score

Your Score History

You have not taken this quiz